Historie illustree du phonographe

Na minha lista:
Detalhes bibliográficos
Autor principal: Marty, Daniel
Formato: Livro
Idioma:Undetermined
Publicado em: Edita Vilo 1979
Assuntos:
Tags: Adicionar Tag
Sem tags, seja o primeiro a adicionar uma tag!
Thư viện lưu trữ: Trung tâm Học liệu Trường Đại học Cần Thơ
LEADER 00438nam a2200169Ia 4500
001 CTU_104857
008 210402s9999 xx 000 0 und d
082 |a 621.389 
082 |b M388 
100 |a Marty, Daniel 
245 0 |a Historie illustree du phonographe 
245 0 |c Daniel Marty 
260 |b Edita Vilo 
260 |c 1979 
650 |a Phonograph 
904 |i M.Loan 
980 |a Trung tâm Học liệu Trường Đại học Cần Thơ